Métodos de la física estadística

Saved in:
Bibliografiske detaljer
Main Authors: Ajiezer, A. I (Author), Peletminski, S. V (Author)
Format: Bog
Sprog:spansk
Udgivet: Moscú Mir 1981
Fag:
Tags: Tilføj Tag
Ingen Tags, Vær først til at tagge denne postø!

MARC

LEADER 00000nam a2200000 a 4500
001 UCU7412
003 CL-VaPUC
008 960705e19810000ru |||||||||||||||||spa|d
082 0 4 |a 530  |b AJI  |2 21 
100 0 |a Ajiezer, A. I  |e author  |9 366237 
700 0 |a Peletminski, S. V  |e author  |9 366238 
245 1 0 |a Métodos de la física estadística 
300 |a 416 p 
942 |c BK 
945 |d 19960705 00:00:00  |a rbrito 
260 |a Moscú  |b Mir  |c 1981 
650 0 |a Mecánica estadística  |9 261055 
650 0 |a Gases  |9 260945 
650 0 |a Mecánica cuántica  |9 306806 
650 0 |a Teoría cuántica  |9 266148 
650 0 |a Física   |9 227844 
650 0 |a Física cuántica  |9 354949 
583 |a last modification  |c 20171123 02:48:23  |k Rodrigo Vera 
999 |c 250066  |d 250064 
952 |0 0  |1 0  |4 0  |6 530_000000000000000_AJI_1981  |7 0  |8 A  |9 267814  |a BIBCUR  |b BIBCUR  |d 2019-11-19  |i 3209644  |o 530 AJI 1981  |p 3209644  |r 2025-04-22  |w 2019-11-19  |y BK  |k BCB